| 000 | 00690nam a22001457a 4500 | ||
|---|---|---|---|
| 999 |
_c533793 _d533793 |
||
| 008 | 260624b ||||| |||| 00| 0 eng d | ||
| 100 |
_aRai, Sakshi _961321 |
||
| 245 | _aFragments against Amnesia : On memory, solidarity, and the political prisoner | ||
| 260 | _aEconomic & Political Weekly | ||
| 300 | _a61(23), Jun 6, 2026: p.32-34 | ||
| 520 | _aHow long can the moon be caged? Voices of Indian political prisoners by Suchitra Vijayan and Francesca Recchia, Chennai: Context/Westland, 2024; pp 312, ₹599.- Reproduced https://www.epw.in/journal/book-reviews/fragments-against-amnesia.html | ||
| 773 | _aEconomic & Political Weekly | ||
| 906 | _aBOOK REVIEW | ||
| 942 | _cAR | ||